[Event "TUR-chT 1st League"]
[Site "Konya"]
[Date "2022.08.25"]
[Round "6.10"]
[White "Tirak, Mert"]
[Black "Onay, Emrah"]
[Result "1-0"]
[WhiteElo "1885"]
[BlackElo "1837"]
[PlyCount "55"]
[EventDate "2022.08.22"]
[EventType "team-swiss"]
[EventRounds "9"]
[EventCountry "TUR"]
[SourceTitle "CBM 209 Extra"]
[Source "ChessBase"]
[SourceDate "2022.09.30"]
[SourceVersion "1"]
[SourceVersionDate "2022.09.30"]
[SourceQuality "1"]
[WhiteTeam "Bogazici Universitesi"]
[BlackTeam "Denizli Metin Surmeli"]
[WhiteTeamCountry "TUR"]
[BlackTeamCountry "TUR"]

1. e4 g6 2. d4 Bg7 3. Nf3 c5 4. dxc5 Qa5+ 5. c3 Qxc5 6. Na3 d6 7. Be3 Qa5 8. e5 dxe5 9. Nb5 Nc6 10. b4 Qd8 11. Qxd8+ Kxd8 12. Ng5 Nh6 13. Bc4 Bd7 14. Bxf7 Nxb4 15. 0-0-0 Kc8 16. Be6 Nxa2+ 17. Kb2 Bxe6 18. Nxe6 Nf5 19. Nxg7 Nxg7 20. Rd5 b6 21. Rxe5 e6 22. Rd1 a6 23. Nd6+ Kc7 24. Nc4 Rab8 25. Kxa2 Rhf8 26. Re4 Rb7 27. Bf4+ Kc6 28. Ne5+ 1-0

[Event "TUR-ch"]
[Site "Antalya"]
[Date "2013.02.03"]
[Round "3"]
[White "Kabakli, Siar"]
[Black "Onay, Emrah"]
[Result "0-1"]
[WhiteElo "1667"]
[BlackElo "1873"]
[PlyCount "104"]
[EventDate "2013.02.02"]
[EventType "swiss"]
[EventRounds "11"]
[EventCountry "TUR"]
[SourceTitle "CBM 152 Extra"]
[Source "ChessBase"]
[SourceDate "2013.02.25"]
[SourceVersion "1"]
[SourceVersionDate "2013.02.25"]
[SourceQuality "1"]

1. e4 e5 2. Nf3 Nc6 3. Nc3 Nf6 4. Bb5 d6 5. d4 Bd7 6. 0-0 exd4 7. Nxd4 Be7 8. Nxc6 bxc6 9. Bd3 0-0 10. f4 d5 11. e5 Ng4 12. Qe2 Bc5+ 13. Kh1 Qh4 14. g3 Qh3 15. Qg2 Ne3 16. Bxe3 Bxe3 17. Rae1 Bb6 18. Na4 Rfe8 19. Nxb6 axb6 20. a3 Qxg2+ 21. Kxg2 c5 22. Be2 Bf5 23. c3 d4 24. cxd4 cxd4 25. g4 Bc2 26. Bd1 Bd3 27. Be2 Bc2 28. Bd1 Ba4 29. Bxa4 Rxa4 30. Rd1 c5 31. Rf2 g5 32. fxg5 Rxe5 33. h4 Re3 34. Rdf1 Ra7 35. Rf6 Rb3 36. R1f2 Re7 37. h5 Kg7 38. Kf1 Rd7 39. h6+ Kg8 40. Rc6 Rd8 41. Rcf6 Rf8 42. Ke1 c4 43. Kd1 c3 44. bxc3 dxc3 45. Rc6 Rxa3 46. Rc2 Ra4 47. R2xc3 Rxg4 48. Rc8 Rxg5 49. Rxf8+ Kxf8 50. Rc8+ Ke7 51. Rh8 Kf6 52. Rxh7 Rg8 0-1

[Event "TUR-ch"]
[Site "Kemer"]
[Date "2012.02.03"]
[Round "8"]
[White "Onay, Emrah"]
[Black "Dogan, Mire Deniz"]
[Result "0-1"]
[WhiteElo "1914"]
[BlackElo "1641"]
[PlyCount "162"]
[EventDate "2012.01.29"]
[EventType "swiss"]
[EventRounds "10"]
[EventCountry "TUR"]
[SourceTitle "CBM 146 Extra"]
[Source "ChessBase"]
[SourceDate "2012.02.29"]
[SourceVersion "1"]
[SourceVersionDate "2012.02.29"]
[SourceQuality "1"]

1. e4 e5 2. Nc3 Nc6 3. f4 exf4 4. Nf3 Be7 5. Bc4 d6 6. 0-0 Ne5 7. Be2 c5 8. d4 Ng6 9. e5 cxd4 10. Qxd4 dxe5 11. Bb5+ Bd7 12. Nxe5 Bxb5 13. Qxd8+ Rxd8 14. Nxg6 Bc5+ 15. Kh1 Bxf1 16. Nxh8 Rd4 17. b3 Ba6 18. Bb2 Kf8 19. Na4 Rd5 20. Nxc5 Rxc5 21. Ba3 b6 22. Rd1 g6 23. Rd8+ Kg7 24. Bxc5 bxc5 25. Nxf7 Kxf7 26. Rd7+ Ke6 27. Rxa7 Be2 28. Rxh7 Ne7 29. Rh8 Bd1 30. c3 Nd5 31. Rd8 f3 32. Kg1 Be2 33. c4 Nb4 34. gxf3 Bxf3 35. Kf2 Be4 36. Re8+ Kf5 37. a4 Bc2 38. Re3 Nc6 39. Rc3 Be4 40. Ke3 Ke5 41. Kd2 Kd4 42. Rh3 Na5 43. Kc1 Bf5 44. Rg3 Nc6 45. Kb2 Nb4 46. a5 Ke5 47. h4 Kf6 48. Re3 Nc6 49. Ka3 Bd7 50. Rd3 Nd4 51. a6 Bc8 52. Ka4 Bxa6 53. Ka5 Bc8 54. Kb6 Bf5 55. Rc3 Ne6 56. Re3 Bc2 57. Rc3 Be4 58. Kb5 Ke5 59. b4 Kd4 60. Rg3 Nc7+ 61. Kb6 cxb4 62. Kxc7 Kxc4 63. Kd6 b3 64. Ke5 b2 65. Rg1 Bf3 66. Kf4 Bh5 67. Ke3 Kb3 68. Kd3 Ka2 69. Kc2 Bg4 70. Rf1 Bf5+ 71. Kc3 b1Q 72. Rxb1 Kxb1 73. h5 gxh5 74. Kd2 h4 75. Ke3 h3 76. Kf2 Kc2 77. Kg3 Kd2 78. Kf2 Bg4 79. Kg3 Ke3 80. Kh2 Kf2 81. Kh1 Kg3 0-1

[Event "TUR-ch"]
[Site "Kemer"]
[Date "2011.02.10"]
[Round "7"]
[White "Onay, Emrah"]
[Black "Cinkilic, Haktan"]
[Result "0-1"]
[WhiteElo "1951"]
[BlackElo "1718"]
[PlyCount "42"]
[EventDate "2011.02.05"]
[EventType "swiss"]
[EventRounds "10"]
[EventCountry "TUR"]
[SourceTitle "CBM 140 Extra"]
[Source "ChessBase"]
[SourceDate "2011.03.01"]
[SourceVersion "1"]
[SourceVersionDate "2011.03.01"]
[SourceQuality "1"]

1. e4 e5 2. f4 exf4 3. Nf3 d5 4. exd5 Nf6 5. d4 Nxd5 6. Bc4 Be6 7. Qe2 Be7 8. 0-0 0-0 9. Re1 Nc6 10. Bb3 Bg4 11. Bxd5 Qxd5 12. c4 Qf5 13. Qf2 Bf6 14. Rd1 Rfe8 15. d5 Bxf3 16. gxf3 Bd4 17. Rxd4 Nxd4 18. Nc3 Nc2 19. Rb1 Re1+ 20. Kg2 Qg6+ 21. Kh3 Re5 0-1

[Event "TUR-ch"]
[Site "Kemer"]
[Date "2011.02.06"]
[Round "2"]
[White "Ozalp, Burak"]
[Black "Onay, Emrah"]
[Result "1-0"]
[WhiteElo "1851"]
[BlackElo "1951"]
[PlyCount "85"]
[EventDate "2011.02.05"]
[EventType "swiss"]
[EventRounds "10"]
[EventCountry "TUR"]
[SourceTitle "CBM 140 Extra"]
[Source "ChessBase"]
[SourceDate "2011.03.01"]
[SourceVersion "1"]
[SourceVersionDate "2011.03.01"]
[SourceQuality "1"]

1. e4 e5 2. Nf3 Nc6 3. Bb5 a6 4. Ba4 Nf6 5. 0-0 Nxe4 6. d4 b5 7. Bb3 d5 8. dxe5 Be6 9. c3 Be7 10. Nbd2 Nc5 11. Bc2 d4 12. cxd4 Nxd4 13. Nxd4 Qxd4 14. Nf3 Qxd1 15. Rxd1 Bg4 16. Be3 0-0 17. h3 Bh5 18. Rd5 Ne6 19. Rd7 Rfe8 20. Rad1 Rad8 21. Be4 Nf8 22. Rxd8 Rxd8 23. Rc1 Ne6 24. Bf5 Bxf3 25. gxf3 Ng5 26. Kg2 g6 27. f4 gxf5 28. fxg5 f4 29. Bxf4 c5 30. Rc2 Kg7 31. Kf3 Kg6 32. Kg4 Rd1 33. h4 a5 34. h5+ Kg7 35. Re2 c4 36. e6 Rd4 37. Kf5 Rd5+ 38. Be5+ Kf8 39. exf7 Kxf7 40. g6+ hxg6+ 41. hxg6+ Kf8 42. f4 Rc5 43. Rh2 1-0

[Event "TUR-ch"]
[Site "Kemer"]
[Date "2011.02.05"]
[Round "1"]
[White "Onay, Emrah"]
[Black "Ozturk Orenli, Kubra"]
[Result "0-1"]
[WhiteElo "1951"]
[BlackElo "2266"]
[PlyCount "70"]
[EventDate "2011.02.05"]
[EventType "swiss"]
[EventRounds "10"]
[EventCountry "TUR"]
[SourceTitle "CBM 140 Extra"]
[Source "ChessBase"]
[SourceDate "2011.03.01"]
[SourceVersion "1"]
[SourceVersionDate "2011.03.01"]
[SourceQuality "1"]

1. e4 e5 2. f4 Bc5 3. Nf3 d6 4. Bc4 Nf6 5. d3 Nc6 6. c3 0-0 7. Qe2 Bb6 8. fxe5 dxe5 9. Be3 Qd6 10. Bxb6 axb6 11. Na3 Qe7 12. 0-0 Bg4 13. Qe3 Be6 14. Bxe6 Qxe6 15. Nh4 Rad8 16. Nf5 Ne7 17. Qg3 Ng6 18. Rf3 Nh5 19. Qg5 Nhf4 20. d4 f6 21. d5 Qd7 22. Qg4 h5 23. Nh6+ gxh6 24. Qxd7 Rxd7 25. g3 Nh3+ 26. Kg2 Ng5 27. Re3 f5 28. exf5 Rxf5 29. Rd1 h4 30. Nc4 h3+ 31. Kg1 b5 32. Na5 e4 33. d6 Rxd6 34. Rxd6 cxd6 35. Nxb7 Nf3+ 0-1